Дезинфекционная система "Пиктолин" (Запись № 5830858)

Подробности
000 -МАРКЕР
контрольное поле 02051nam0a22002891 4500
001 - ИДЕНТИФИКАТОР ЗАПИСИ
контрольное поле v19\rc\1850504
005 - ИДЕНТИФИКАТОР ВЕРСИИ
контрольное поле 20250619152006.0
035 ## - ДРУГИЕ СИСТЕМНЫЕ НОМЕРА
Идентификатор записи (NLR Aleph) 004945916
100 ## - ДАННЫЕ ОБЩЕЙ ОБРАБОТКИ
Данные общей обработки 20080221d1909 |||y0rusy50 ca
101 0# - ЯЗЫК РЕСУРСА
Язык текста, звукозаписи и т.д. русский
102 ## - СТРАНА ПУБЛИКАЦИИ ИЛИ ПРОИЗВОДСТВА
Страна публикации Российская Федерация
105 ## - ПОЛЕ КОДИРОВАННЫХ ДАННЫХ: ТЕКСТОВЫЕ МАТЕРИАЛЫ, МОНОГРАФИЧЕСКИЕ
Кодированные данные о монографическом текстовом документе y z |||||
200 1# - ЗАГЛАВИЕ И СВЕДЕНИЯ ОБ ОТВЕТСТВЕННОСТИ
Основное заглавие Дезинфекционная система "Пиктолин"
Первые сведения об ответственности Ф.В. Дальстрем. Гамбург. С.-Петерб. контора
210 ## - ПУБЛИКАЦИЯ, РАСПРОСТРАНЕНИЕ И ДР.
Место издания, распространения и т.д. Санкт-Петербург
Имя издателя, распространителя и т. д. тип. "Герольд"
Дата издания, распространения и т.д. [1909]
215 ## - ФИЗИЧЕСКАЯ ХАРАКТЕРИСТИКА
Специфическое обозначение материала и объем 36 с.
Размеры 35
320 ## - ПРИМЕЧАНИЯ О НАЛИЧИИ В ДОКУМЕНТЕ БИБЛИОГРАФИИ / УКАЗАТЕЛЯ
Текст примечания Библиогр.: "Список книг..." (с. 29-30)
327 0# - ПРИМЕЧАНИЯ О СОДЕРЖАНИИ
Текст примечания С. 17-36: Доклад[ы] о дезинфецировании ангидридом серной кислоты (безводной серной кислотой) и газовой смесью Пикте (Mélange gazeux Pictet) д-ра де Рехтера, д-ра Легро, Макса Дефрена и Каремана
464 #0 - АНАЛИТИЧЕСКИЙ УРОВЕНЬ
Встроенное поле 2001#$aДоклады о дезинфецировании ангидридом серной кислоты (безводной серной кислотой) и газовой смесью Пикте (Mélange gazeux Pictet) д-ра де Рехтера, д-ра Легро, Макса Дефрена и Каремана
-- 215##$aС. 17-36
-- 701#1$aРехтер
-- 701#1$aЛегро
-- 701#1$aДефрен$bМ.$gМакс
-- 701#1$aКареман
Заглавие Доклады о дезинфецировании ангидридом серной кислоты (безводной серной кислотой) и газовой смесью Пикте (Mélange gazeux Pictet) д-ра де Рехтера, д-ра Легро, Макса Дефрена и Каремана
532 13 - РАСШИРЕННОЕ ЗАГЛАВИЕ
Заглавие Дезинфекционная система Пиктолин
712 02 - НАИМЕНОВАНИЕ ОРГАНИЗАЦИИ - ВТОРИЧНАЯ ОТВЕТСТВЕННОСТЬ
Начальный элемент ввода Дальстрем, Ф.В., фирма
Идентифицирующий признак Гамбург
801 #0 - ИСТОЧНИК ЗАПИСИ
Страна Российская Федерация
Организация NLR
Правила каталогизации psbo
801 #0 - ИСТОЧНИК ЗАПИСИ
Страна Российская Федерация
Организация RuMoRGB
Источник данных psbo
801 #1 - ИСТОЧНИК ЗАПИСИ
Страна Российская Федерация
Организация ProSoft-M
Источник данных rusmarc
852 ## - МЕСТОНАХОЖДЕНИЕ И ШИФР ХРАНЕНИЯ
Идентификатор организации NLR
Шифр хранения (Call Number) 34.85.2.39
942 ## - ДОПОЛНИТЕЛЬНЫЕ ЭЛЕМЕНТЫ ЗАПИСИ (АБИС)
Тип экземпляра АБИС Книга
980 ## - КОЛЛЕКЦИЯ
Название коллекции Национальная библиография
Экземпляры
Тип экземпляра Дата поступления Библиотека постоянного хранения Библиотека текущего хранения Место хранения Шифр хранения Штрих-код Статус экземпляра
Книга 26.10.2013 РНБ (Садовая) РНБ (Садовая) Русский книжный фонд -Главное здание, Ленинский читальный зал 34.85.2.39 4945916-10